Държави по буква - К - Statistics

General Stats
  • This quiz has been taken 134 times
  • The average score is 10 of 18
Answer Stats
Държава % Correct
Китай
81%
Казахстан
79%
Канада
71%
Колумбия
71%
Кения
68%
Катар
67%
Камбоджа
65%
Кипър
59%
Куба
59%
Косово
57%
Киргизстан
56%
Кувейт
55%
Камерун
53%
Коста Рика
51%
Кирибати
47%
Кот д'Ивоар
40%
Кабо Верде
32%
Коморски острови
27%
No matching quizzes found
Score Distribution
Percent of People with Each Score
Percentile by Number Answered
Your Score History
You have not taken this quiz